000 00662nam a22002297a 4500
999 _c532068
_d532068
003 Nust
005 20191107121738.0
008 170216b xxu||||| |||| 00| 0 eng d
020 _a9694960452
038 _aMSOHAIL
040 _cNust
082 _a355.0092
_bMUH
100 _aCol.Muhammad Khan
_925364
245 _aBajang Amad
_cMuhammad Khan
260 _aIslamabad:
_bDost publications,
_c2008
300 _a224 p.
546 _aIn Urdu
880 _6100-01\(3\r
_aمحمد خان
880 _6245-02\(3\r
_aبجنگ آمد
_cخان محمد
880 _6260-03\(3\r
_aاسلام آباد:
_bدوست پبلی کیشنز،
_c2008
942 _cBK
_2ddc